Проблема носителя идеального образа: операционный аспект

Dades bibliogràfiques
Autor principal: Пивоваров Д. В. Даниил Валентинович
Sumari:Исключено из фонда НТБ ТПУ
Idioma:rus
Publicat: Свердловск, Изд-во Урал. ун-та, 1986
Format: MixedMaterials Llibre
KOHA link:https://koha.lib.tpu.ru/cgi-bin/koha/opac-detail.pl?biblionumber=269004

MARC

LEADER 00000nam0a2200000 4500
001 269004
005 20231031224330.0
035 |a (RuTPU)RU\TPU\book\292160 
090 |a 269004 
100 |a 20140911d1986 k y0rusy5003 ca 
101 0 |a rus 
102 |a RU 
105 |a y z 000zy 
200 1 |a Проблема носителя идеального образа: операционный аспект  |f Д. В. Пивоваров 
210 |a Свердловск  |c Изд-во Урал. ун-та  |d 1986 
215 |a 129 с. 
333 |a Исключено из фонда НТБ ТПУ 
700 1 |a Пивоваров  |b Д. В.  |g Даниил Валентинович 
801 0 |a RU  |b RuMRKP  |c 19950417  |g psbo 
801 1 |a RU  |b 63413507  |c 20140911 
801 2 |a RU  |b 63413507  |c 20220304  |g RCR 
942 |c BK